000 00947nam0a22003131 4500
001 rc\2147566
005 20250623023118.0
035 _a(NLR Aleph) 006530411
090 _a6527340
_c6527340
100 _a20110826d1979 |||y0rusy50 ca
101 1 _arus
_cest
102 _aRU
105 _aa z |||||
200 1 _aТарту
_e[ЭССР
_eПер. с эст.]
205 _a2-е изд., испр. и доп.
210 _aТаллин
_cПериодика
_d1979
215 _a55 с., 28 л. ил.
_d20
300 _aНа обл. авт. не указан
606 _aТарту
_jПутеводители
_2psbo
686 _aя23(2Э-2Тарту)
_2rubbk
686 _a26.89(2Э)
_2rubbk
700 1 _aЛотт
_bИ.А.
_gИоханнес Адович
801 0 _aRU
_bNLR
_gpsbo
801 1 _aRU
_bELAR
_2rusmarc
852 _aNLR
_j80-4/8606
899 _aRuMoRGB
_jB 80-3/80
899 _aRuMoRGB
_jB 80-3/81
942 _cBOOK
980 _aNB